000
00318nam a22001337a 4500
008
170728b xxu||||| |||| 00| 0 eng d
020
_a
9780387208817
041
_a
eng
080
_2
3RD
_a
621
100
_a
27
101
_a
IM
245
_a
AN INTEGRATED APPROACH TO SOFTWARE ENGINEERING
_c
JALOTE,P
942
_2
udc
_c
BK
999
_c
22102
_d
22102